00270nam a2200121Ia 4500008004100000100001900041245001600060260002600076300000800102650001400110942000700124999001700131190216s9999||||xx |||||||||||||| ||und|| aRaghava Varier 0aAbhinjaanam bPoorna Pubs Kozhikode a127 aMalayalam cBK c26942d26942